000
00311nam a2200121Ia 4500
005
20251222144702.0
008
251222s9999||||xx |||||||||||||| ||spa||
020
_a
978-612-46058-0-2
082
_a
985.612.1/E48
245
0
_a
Machu Picchu:
264
_b
Embajada de los Estados Unidos de América
942
_c
LIB
999
_c
17480
_d
17480